| 000 | 00399nam a22001217a 4500 | ||
|---|---|---|---|
| 040 | _cNUST | ||
| 082 |
_a324.251075 _bYIT |
||
| 100 |
_a Yiting He _983173 |
||
| 245 |
_aThe central party school and the success of the communist party of China / _c He Yiting . |
||
| 260 |
_aBeijing : _bForeign Language Press, _c2018. |
||
| 300 | _aiv, 340 pages : illustrations, portraits ; 25 cm. | ||
| 942 |
_2ddc _cBK |
||
| 999 |
_c587900 _d587900 |
||